Red Hot Chili Peppers-Police Station lyrics - Statistics

General Stats
  • This quiz has been taken 10 times
  • The average score is 250 of 340
Answer Stats
Answer % Correct
a
100%
A
100%
an
100%
and
100%
at
100%
breaks
100%
heart
100%
I
100%
it
100%
my
100%
Police
100%
saw
100%
say
100%
Station
100%
station
100%
the
100%
The
100%
to
100%
you
100%
You
100%
eyes
89%
had
89%
see
89%
your
89%
cold
78%
coming
78%
didn't
78%
funny
78%
got
78%
grey
78%
guess
78%
me
78%
of
78%
on
78%
paper
78%
read
78%
So
78%
so
78%
some
78%
someone
78%
Someone
78%
used
78%
wandered
78%
All
67%
all
67%
another
67%
away
67%
but
67%
change
67%
chase
67%
country
67%
dead
67%
distant
67%
do
67%
Down
67%
down
67%
dreamin'
67%
empty
67%
face
67%
free
67%
from
67%
get
67%
golden
67%
its
67%
it's
67%
maker
67%
money
67%
never
67%
no
67%
Not
67%
not
67%
Now
67%
now
67%
off
67%
page
67%
papers
67%
picture
67%
press
67%
rest
67%
shell
67%
slumming
67%
something
67%
that
67%
'til
67%
Time
67%
time
67%
TV
67%
way
67%
way,
67%
we
67%
will
67%
yesterday
67%
you're
67%
back
56%
bed
56%
careers
56%
conviction
56%
Dreaming
56%
educate
56%
Far
56%
for
56%
getting
56%
happened
56%
head
56%
her
56%
i'm
56%
in
56%
know
56%
love
56%
loveliness
56%
married
56%
message
56%
mind
56%
most
56%
persue
56%
pray
56%
Someone's
56%
tears
56%
want
56%
was
56%
with
56%
years
56%
best
44%
both
44%
come
44%
could
44%
decay
44%
dusted
44%
felt
44%
Find
44%
find
44%
foot
44%
forward
44%
gotten
44%
hide
44%
home
44%
I'll
44%
I've
44%
Left
44%
left
44%
made
44%
mixing
44%
nothing
44%
ought
44%
over
44%
refuse
44%
send
44%
short
44%
situate
44%
Smiling
44%
somewhere
44%
sovereign
44%
strange
44%
ten
44%
There
44%
times
44%
today,
44%
today
44%
very
44%
were
44%
What
44%
what
44%
who's
44%
around
33%
bet
33%
bumming
33%
can't
33%
capers
33%
churchyard
33%
driftwood
33%
exchange
33%
fool
33%
girl
33%
pay
33%
pull
33%
said
33%
No matching quizzes found
Score Distribution
Percent of People with Each Score
Percentile by Number Answered
Your Score History
You have not taken this quiz